Pulsed laser deposition of thin films : Applications-led growth of functional materials

Edited by major contributors to the field, this text summarizes current or newly emerging pulsed laser deposition application areas. It spans the field of optical devices, electronic materials, sensors and actuators, biomaterials, and organic polymers. Every scientist, technologist and development e...

Descripción completa

Guardado en:
Detalles Bibliográficos
Formato: Libro
Lenguaje:Undetermined
Publicado: Hoboken, N.J Wiley-Interscience 2007
Materias:
Etiquetas: Agregar Etiqueta
Sin Etiquetas, Sea el primero en etiquetar este registro!
Thư viện lưu trữ: Trung tâm Học liệu Trường Đại học Cần Thơ
LEADER 01134nam a2200217Ia 4500
001 CTU_165748
008 210402s9999 xx 000 0 und d
020 |c 205.00 
082 |a 621.38152 
082 |b P981 
245 0 |a Pulsed laser deposition of thin films : 
245 0 |b Applications-led growth of functional materials 
245 0 |c Edited by Robert Eason 
260 |a Hoboken, N.J 
260 |b Wiley-Interscience 
260 |c 2007 
520 |a Edited by major contributors to the field, this text summarizes current or newly emerging pulsed laser deposition application areas. It spans the field of optical devices, electronic materials, sensors and actuators, biomaterials, and organic polymers. Every scientist, technologist and development engineer who has a need to grow and pattern, to apply and use thin film materials will regard this book as a must-have resource. 
650 |a Laser beams,Pulsed laser deposition,Chùm tia laser,Lắng đọng xung laser 
650 |x Industrial applications,Ứng dụng công nghệ 
904 |i ,Qhieu 
980 |a Trung tâm Học liệu Trường Đại học Cần Thơ